| 000 | 00410cam a2200157ua 4500 | ||
|---|---|---|---|
| 041 |
_aeng _h |
||
| 082 |
_a828.09 _bCLI/EI |
||
| 100 | _aClifford, James L . | ||
| 245 |
_aEighteenth century English literature / _cJames L Clifford. _hTextual Documents |
||
| 250 |
_a1 / _b. |
||
| 260 |
_aLondon : _bOxford University Press , _c1963. |
||
| 300 | _a351 ; . | ||
| 504 | _a | ||
| 942 | _cBK | ||
| 999 |
_c7853 _d7853 |
||